000 00308nam a2200121Ia 4500
008 191014s9999 xx 000 0 und d
082 _a514
_bTSE
100 _aSze- Tsen Hu
_920396
245 0 _aIntroduction to General Topology
260 _aNew Dilhi
_bMcGraw-Hill
_c1966
300 _aX,229
942 _cBK
999 _c530976
_d530976